000 00360nam a22001577a 4500
020 _a978-8178001364
041 _aENG
100 _aManohar.K,R
245 _aGreenhuse Technology And Management
250 _aSecond Edition
260 _aHyderabad
_bBS Publications
_c2007
300 _a216
650 _aFS
700 _aIgathinathane .C
856 _uFS
999 _c111
_d111